| 000 | 00869nam a22003017a 4500 | ||
|---|---|---|---|
| 001 | BR0809962 | ||
| 003 | BR-BrBNA | ||
| 005 | 20231130132844.0 | ||
| 008 | 230509b bl.||||| |||| 00| 0 por d | ||
| 040 |
_aBR-BrBNA _bpor |
||
| 041 | _a(Por) | ||
| 072 | _aE14; E13 | ||
| 090 |
_aE14 _bBR0809962 |
||
| 110 | 1 | _aMinistério da Agricultura, Pecuária e Abastecimento, Brasília, DF (Brasil). Secretaria de Política Agrícola | |
| 245 | 1 | _aPlano agrícola e pecuário 2008/2009 | |
| 260 | 3 |
_aBrasília, DF (Brasil): _c2008. |
|
| 300 | _a67 p. | ||
| 650 | _aPROJETO DE DESENVOLVIMENTO | ||
| 650 | _aAGRICULTURA | ||
| 650 | _aPECUÁRIA | ||
| 650 | _aCRÉDITO RURAL | ||
| 650 | _aDÍVIDA RURAL | ||
| 650 | _aSEGURO RURAL | ||
| 650 | _aPOLÍTICA AGRÍCOLA | ||
| 909 |
_aFernando _b11/2023 |
||
| 942 | _cBK | ||
| 999 |
_c72809 _d72809 |
||